| 000 | 00870 a2200169 4500 | ||
|---|---|---|---|
| 003 | Nust | ||
| 005 | 20221222121640.0 | ||
| 040 | _cNust | ||
| 082 | _a297.122, KHE | ||
| 100 |
_aKherie,Khan Bahadur Altaf Ahmed _9105645 |
||
| 245 |
_aIndex-cum - Concordance for the Holy Quran _cAl Haj Khan Bahadur Altaf Ahmed kherie |
||
| 260 |
_aPakistan _bDarul- Ishaat |
||
| 300 | _aLi, 1115:p | ||
| 505 | _aIntroduction (Page-i to xxxvi), Allah (Page-1), Angels (Page-95), Allah's Book (Page-106), Prophet and apostles other than the Holy Prophet (Page-157), The Holy Prophet (Page-224), The Hereafter (Page-284), Divine Worship (Page-330), Commandments and Prohibitions (Page-390), The Goof (Page-478), The Bad (Page-659), Man and the Universe (Page-786), Certain Persons, Peoples Places etc. (Page-978). | ||
| 650 |
_aConcordance for the Holy Quran _9105646 |
||
| 942 |
_2ddc _cBK |
||
| 999 |
_c185281 _d185281 |
||